Nová výstavba v areáli Incheby

Salvato in:
Dettagli Bibliografici
Autore principale: Bábics, Tamás (Autore)
Altri autori: Suchánková, Zuzana (Relatore della tesi)
Natura: Manoscritto Libro
Lingua:slovacco
Pubblicazione: 2024
Soggetti:
Accesso online:http://is.stuba.sk/zp/portal_zp.pl?podrobnosti=178803
Tags: Aggiungi Tag
Nessun Tag, puoi essere il primo ad aggiungerne!!

MARC

LEADER 00000ntm a22000003a 4500
001 stuzp98773
003 SK-STU
005 20241120095021.1
007 ta
008 150427s2015----xo-----f-mn---000-0-slo-d
040 |a STU  |b slo 
041 0 |a slo 
100 1 |a Bábics, Tamás  |u 056160  |4 aut  |U FAD Fakulta architektúry a dizajnu  |T FAD Ústav urbanizmu a územného plánovania  |X 97602  |U A6160  |Y 397  |7 97602 
242 0 1 |a New development within Incheba zone  |y eng 
245 1 0 |a Nová výstavba v areáli Incheby 
260 |c 2024 
650 4 |a polyfunkčný  |2 slo 
650 4 |a bytový dom  |2 slo 
650 4 |a Albert  |2 slo 
650 4 |a Incheba  |2 slo 
650 4 |a bývanie  |2 slo 
650 4 |a Albert  |2 eng 
650 4 |a multifunctional  |2 eng 
650 4 |a apartment building  |2 eng 
650 4 |a housing  |2 eng 
650 4 |a Incheba  |2 eng 
700 1 |a Suchánková, Zuzana  |4 ths  |X 23582  |7 A000023582 
856 4 |u http://is.stuba.sk/zp/portal_zp.pl?podrobnosti=178803